Doing philosophy : (Record no. 1430019)

MARC details
000 -LEADER
fixed length control field 00724nam a2200265Ia 4500
003 - CONTROL NUMBER IDENTIFIER
control field OSt
005 - DATE AND TIME OF LATEST TRANSACTION
control field 20250527143037.0
008 - FIXED-LENGTH DATA ELEMENTS--GENERAL INFORMATION
fixed length control field 008 250516s9999 xx 000 0 eng d
020 ## - INTERNATIONAL STANDARD BOOK NUMBER
International Standard Book Number 9789354359521
040 ## - CATALOGING SOURCE
Original cataloging agency SDCL
Language of cataloging eng
Transcribing agency SDCL
041 ## - LANGUAGE CODE
Language code of text/sound track or separate title eng
Source of code eng
084 ## - COLON CLASSIFICATION NUMBER
Classification number R1 R3
Assigning agency SDCL
100 ## - MAIN ENTRY--PERSONAL NAME
Personal name Saunders, Clare
9 (RLIN) 809854
245 #0 - TITLE STATEMENT
Title Doing philosophy :
Remainder of title a practical guide for students
250 ## - EDITION STATEMENT
Edition statement 2nd ed.
260 ## - PUBLICATION, DISTRIBUTION, ETC.
Place of publication, distribution, etc. New Delhi:
Name of publisher, distributor, etc. Bloomsbury,
Date of publication, distribution, etc. 2023.
300 ## - PHYSICAL DESCRIPTION
Extent viii,242p.
365 ## - TRADE PRICE
Price type code INR
Price amount 699
650 ## - SUBJECT ADDED ENTRY--TOPICAL TERM
Topical term or geographic name entry element Philosophy
700 ## - ADDED ENTRY--PERSONAL NAME
Personal name Mossley, David
9 (RLIN) 809855
700 ## - ADDED ENTRY--PERSONAL NAME
Personal name Lamb, Danialle
9 (RLIN) 810819
700 ## - ADDED ENTRY--PERSONAL NAME
Personal name Closs, Julie
9 (RLIN) 810820
700 ## - ADDED ENTRY--PERSONAL NAME
Personal name Ross, George MacDonald
9 (RLIN) 810821
942 ## - ADDED ENTRY ELEMENTS (KOHA)
Koha item type Textual
Source of classification or shelving scheme Colon Classification (CC)
Suppress in OPAC No
Holdings
Withdrawn status Lost status Source of classification or shelving scheme Damaged status Not for loan Home library Current library Date acquired Source of acquisition Inventory number Total Checkouts Full call number Barcode Date last seen Price effective from Koha item type
    Colon Classification (CC)     South Campus Library South Campus Library 2025-05-22 Govinda Book House 6632, 05/02/2025   R1 R3 SC1691053 2025-05-22 2025-05-22 Textual
Copyright @ Delhi University Library System